Mixed Word: Mystery Animal Quiz Stats

 Plays Quiz Updated Feb 26, 2012

Support Sporcle.
Go Orange.
Score 0/10 Timer 02:00
0 Plays Today
Clue Answer % Correct
AMLALLlama
97.3%
BARBTIRabbit
92%
KYOMENMonkey
90.4%
UGAIANIguana
80.9%
DINHOPLDolphin
80.2%
COPOUTSOctopus
77.6%
TERTANEAAnteater
75.8%
GRTAAILOLAlligator
75.1%
PRELOADLeopard
70.9%
The first letter from each answer will give you the mystery animal.ARMADILLO
68.1%

You're not logged in!

Compare scores with friends on all Sporcle quizzes.
OR
Log In

From the Vault

Board Games A-Z

by demonmothball

This quiz might be easier if board games creators didn't use such crazy spelling.
Remove Ads.
Support Sporcle.
Get the best of Sporcle when you Go Orange. This ad-free experience offers more features, more stats, and more fun while also helping to support Sporcle. Thank you for becoming a member.

Show Comments

Extras

Top Quizzes Today


Score Distribution

Your Account Isn't Verified!

In order to create a playlist on Sporcle, you need to verify the email address you used during registration. Go to your Sporcle Settings to finish the process.

Report this User

Report this user for behavior that violates our Community Guidelines.

Details: